| 000 | 01687nam a2200457 c 4500 | ||
|---|---|---|---|
| 001 | 24998 | ||
| 003 | ES-MaCES | ||
| 005 | 20160125124840.0 | ||
| 008 | 130417s2013 sp t 000 | spa d | ||
| 017 |
_aM 36048-2012 _bDL |
||
| 020 | _a9788490201305 | ||
| 035 | _aCES20130002282m | ||
| 040 |
_aES-MaCES _bspa _cES-MaCES |
||
| 245 | 0 | 3 |
_aLa reforma del mercado de trabajo en el sistema de relaciones laborales _b: novedades de la Ley 3/2012, de medidas urgentes para la reforma del mercado laboral _cdir., Salvador del Rey Guanter ; coords., Daniel Martínez Fons, Raquel Serrano Olivares |
| 250 | _a1ª ed | ||
| 260 |
_aLas Rozas (Madrid) _bLa Ley _c2013 |
||
| 300 |
_a491 p. _c24 cm |
||
| 490 | 1 | _aTemas, La Ley | |
| 500 | _aÍndices | ||
| 541 | _cCompra | ||
| 650 | 4 |
_arégimen jurídico _929894 |
|
| 650 | 4 |
_aderecho del trabajo _927165 |
|
| 650 | 4 |
_aEspaña _926964 |
|
| 650 | 4 |
_aflexibilidad del trabajo _930174 |
|
| 650 | 4 |
_acondiciones de trabajo _928327 |
|
| 650 | 4 |
_aevaluación del impacto _930732 |
|
| 650 | 4 |
_a2012 _931808 |
|
| 650 | 4 |
_areforma legislativa _929892 |
|
| 650 | 4 |
_alegislación del trabajo _927166 |
|
| 650 | 4 |
_amercado de trabajo _928292 |
|
| 653 | 1 | 0 | _aDerecho del trabajo y Seguridad Social |
| 650 | 4 |
_928369 _arelaciones laborales |
|
| 610 | 1 | 4 |
_92999 _aEspaña _tLey de medidas urgentes para la reforma del mercado laboral _d2012 |
| 700 | 1 |
_aSerrano Olivares, Raquel _ecol. _923928 |
|
| 700 | 1 |
_aMartínez Fons, Daniel _ecol. _917817 |
|
| 700 | 1 |
_aRey Guanter, Salvador del _edir. _921969 |
|
| 830 | 0 |
_aTemas / La Ley _934262 |
|
| 902 | _aLIB Libro | ||
| 942 |
_2CES _cBK _h6.0.1. |
||
| 999 |
_c24998 _d24998 |
||